The parliamentary agents : a history /

Bibliographic Details
Main Author: Rydz, D. L.
Format: Book
Language:English
Published: London : Royal Historical Society, 1979.
Series:Royal Historical Society studies in history ; [no. 17].
Subjects:

MARC

Tag First Indicator Second Indicator Subfields
LEADER 00000cam a2200000 a 4500
001 in00000071420
005 20151008062219.0
008 811119s1979 enk b 00110 engm
010 |a  81482200  
015 |a GB*** 
020 |a 0901050539 :  |c 11.00 
035 |a (OCoLC)06503919 
035 |9 AAJ9753AM 
040 |a DLC  |c DLC  |d m.c.  |d TXA  |d UtOrBLW 
043 |a e-uk--- 
049 |a TXAM  |c [985062] 
050 0 0 |a KD4242  |b .R93 
082 0 |a 328.41/077  |2 19 
100 1 |a Rydz, D. L. 
245 1 4 |a The parliamentary agents :  |b a history /  |c D.L. Rydz. 
264 1 |a London :  |b Royal Historical Society,  |c 1979. 
300 |a viii, 234 pages ;  |c 22 cm. 
336 |a text  |b txt  |2 rdacontent 
337 |a unmediated  |b n  |2 rdamedia 
338 |a volume  |b nc  |2 rdacarrier 
490 1 |a Studies in history series ;  |v no. 17 
504 |a Includes bibliographical references and index. 
610 1 0 |a Great Britain.  |b Parliament  |x Private bills  |x History. 
830 0 |a Royal Historical Society studies in history ;  |v [no. 17]. 
999 |a MARS 
999 f f |s 2742e2c8-947e-3bb4-9daf-742fc6e493bc  |i c56362a9-0f1a-38f3-9a80-0de204c44889  |t 0 
952 f f |p ric  |a Texas A&M University  |b Rellis Campus  |c Joint Library Facility  |d Remote Storage  |t 0  |e KD4242 .R93  |h Library of Congress classification  |i unmediated -- volume  |m A14806154406 
998 f f |a KD4242 .R93  |t 0  |l Remote Storage